Normal view
MARC view
- Williams, J. D.
Entry Personal Name
001 - CONTROL NUMBER
- control field: 43088
003 - CONTROL NUMBER IDENTIFIER
- control field: OSt
005 - DATE AND TIME OF LATEST TRANSACTION
- control field: 20210408151040.0
008 - FIXED-LENGTH DATA ELEMENTS
- fixed length control field: 210408|| aca||aabn | a|a d
040 ## - CATALOGING SOURCE
- Original cataloging agency: OSt
- Transcribing agency: OSt
100 ## - HEADING--PERSONAL NAME
- Personal name: Williams, J. D.
- Relator term: Author.
670 ## - SOURCE DATA FOUND
- Source citation: Work cat.: (OSt): Craig P. Ehrlich. 43087, The accountant as whistleblower: , ©2011.
